000 01328nam a2200313 i 4500
999 _c65959
_d65959
001 768714001
003 CO-MdFUSB
005 20201113140315.0
007 ta
008 200601t1983 us a|||| |||| 00| 0 eng d
020 _a0877849056
040 _aCO-MdFUSB
_bspa
_cCO-MdFUSB
_dCO-MdFUSBC
_erda
041 _aeng
082 _223
_a224.207
_bP485
100 _aPeterson, Eugene H.
_eautor
245 1 _aRun with the horses :
_bthe quest for life at its best
_c/ Eugene H. Peterson
264 1 _aEstados Unidos :
_bInterVarsity Press,
_c[1983]
264 4 _c ©1983.
300 _a213 páginas
_c; 21 cm
336 _2rdacontent
_atexto
_btdi
337 _2rdamedia
_asin mediación
_bn
338 _2rdacarrier
_avolumen
_bnc
505 _a¿Cómo competirás con los caballos? - Jeremiah - Antes - Solo soy un joven - No confíes en estas palabras engañosas - Baja a la casa del Potter - Pashhur venció a Jeremiah - Mi herida es incurable - Veintitrés años ... persistentemente - Tome un pergamino y escriba en él - Casa de los Rachabitas - Carta a los exiliados - Centinela ... Rey ... Eunuco - Compré el campo en Anathoth - Sobre las naciones - En el tierra de Egipto que llaman caída.
563 _aRústico
630 0 7 _aBiblia.
_pJeremías
942 _cBK
945 _aJTF-925